000 00299nam a22001337a 4500
008 170609b xxu||||| |||| 00| 0 eng d
020 _a9780801840272
041 _aeng
080 _a32
100 _a19
101 _aSHP
245 _aEROTICISM AND THE BODY POLITIC
_cHUNT.L
942 _2udc
_cBK
999 _c16619
_d16619